Cukrovka a vyšší vek

Bibliographic Details
Main Author: Šimončič, Róbert, 1929- (Author)
Format: Article
Language:Slovak
Subjects:

MARC

LEADER 00000nab a2200000 a 4500
001 vtls000048643
003 SK-MaSNL
005 20260304175351.0
008 250423c1979 xo 0 slo
015 |a SNBRB19rr/mm-uuuuu 
035 |a CL0058739 
035 |a urn:nbn:sk:snk-ab6wvb 
035 |a (uuid)d219f786-83bd-44ba-b52c-7ae802684654 
035 |a (urnnbn)urn:nbn:sk:snk:ar-a063fr 
035 |a (sysno)vtls000048643 
040 |a SNKBUCL  |b slo  |c SNKBUCL  |e AACR2 
041 0 |a slo 
044 |a xo  |c SK 
080 |a 616.3  |2 1981 
100 1 |a Šimončič, Róbert,  |d 1929-  |4 aut  |9 218289 
245 1 0 |a Cukrovka a vyšší vek  |c Róbert Šimončič 
650 0 7 |a diabetes mellitus  |2 snkbucl  |9 72741 
650 0 7 |a seniori  |2 snkbucl  |9 117453 
655 7 |a články z novín a časopisov  |2 snkbucl  |9 267496 
773 0 |t Výživa a zdravie  |g Roč. 24, č. 11 (1979), s. 247-248 
850 |a Slovenská národná knižnica 
852 |a Slovenská národná knižnica 
954 |a odborná, vedecká literatúra pôvodná (slovenská)  |2 lita 
958 |a article27 
958 |a RK 
958 |a MI 
958 |a OND 
958 |a EUIPO 
992 |a RBX 
999 |c 3013202  |d 3015132